Mother of 1084 (Record no. 6204)

MARC details
000 -LEADER
fixed length control field 00435nam a2200169Ia 4500
008 - FIXED-LENGTH DATA ELEMENTS--GENERAL INFORMATION
fixed length control field 230917s9999||||xx |||||||||||||| ||und||
020 ## - ISBN
Price RS 295.00
040 ## - CATALOGING SOURCE
-- 5010013
Original cataloging agency VIVEKANANDA LIBRARY
041 ## - Language
-- English
082 ## - DDC NUMBER
Classification number 829.443 M278M
100 ## - MAIN ENTRY--PERSONAL NAME
Personal name Mahasweta Devi
245 #0 - TITLE STATEMENT
Title Mother of 1084
260 ## - PUBLICATION, DISTRIBUTION, ETC. (IMPRINT)
Place of publication, distribution, etc London
Name of publisher, distributor, etc Seagull Books
Date of publication, distribution, etc 2016
300 ## - PHYSICAL DESCRIPTION
Pages xix, 130 p.
500 ## - GENERAL NOTE
General note 4608 15/11/2022 HBD22/9557 15/12/2022 Main Budget
942 ## - ADDED ENTRY ELEMENTS (KOHA)
Koha item type Books
Holdings
Withdrawn status Lost status Damaged status Not for loan Location (home branch) Sublocation or collection (holding branch) Date acquired Koha issues (times borrowed) Koha full call number Accession No. Koha date last seen Koha item type
        VIVEKANANDA LIBRARY VIVEKANANDA LIBRARY 23/12/2022 8 829.443 M278M 405633 01/09/2025 Books
© Designed and Maintained by Vivekananda Library, MDU Rohtak